[Event "chJ-POL b20"]
[Site "Trzebinia POL"]
[Date "2002.04.16"]
[Round "7"]
[White "Wojtaszek,R"]
[Black "Jedynak,R"]
[Result "1/2-1/2"]
[WhiteElo "2429"]
[BlackElo "2416"]

1.d4 Nf6 2.c4 e6 3.Nf3 d5 4.Nc3 c6 5.Bg5 dxc4 6.e4 b5 7.e5 h6 8.Bh4 g5 9.Nxg5 hxg5
10.Bxg5 Nbd7 11.exf6 Bb7 12.g3 Qb6 13.Bg2 c5 14.d5 O-O-O 15.O-O b4 16.Na4 Qb5
17.a3 exd5 18.axb4 d4 19.Bxb7+ Kxb7 20.Nc3 dxc3 21.Qd5+ Kb6 22.Bf4 Rh5 23.Qxh5 cxb2
24.Rad1 cxb4 25.Bc7+ Kc6 26.Qxb5+ Kxb5 27.Bxd8 c3 28.Rxd7 c2 29.Rdd1 cxd1=Q
30.Rxd1 Kc4 31.Kf1 Kb3 32.Ke2 Ka2 33.Be7 Bh6 34.f4 b3 35.Bc5 b1=Q 36.Rxb1 Kxb1
37.Bxa7 Kc2 38.Bd4 Bf8 39.g4 Bb4 40.g5 Bc3 41.Bxc3 Kxc3 42.g6 b2 43.gxf7 b1=Q
44.f8=Q Qe4+ 45.Kf2 Qxf4+  1/2-1/2

[Event "chJ-POL b20"]
[Site "Trzebinia POL"]
[Date "2002.04.18"]
[Round "9"]
[White "Zawadzki,S"]
[Black "Wojtaszek,R"]
[Result "1/2-1/2"]
[WhiteElo "2407"]
[BlackElo "2429"]

1.e4 c5 2.Nf3 d6 3.d4 cxd4 4.Nxd4 Nf6 5.Nc3 e6 6.Be3 a6 7.Be2 Qc7 8.a3 b5
9.g4 Bb7 10.f3 h6 11.Qd2 Nbd7 12.O-O-O Nb6 13.Ndxb5 axb5 14.Nxb5 Qd8 15.Nxd6+ Bxd6
16.Qxd6 Qxd6 17.Rxd6 Nbd7 18.Rhd1 O-O-O 19.c4 Ne8 20.R6d2 Nc7 21.b4 f5 22.exf5 exf5
23.gxf5 Rhe8 24.Bf4 Rxe2 25.Rxe2 Bxf3 26.Re7 Bxd1 27.Bxc7 Kxc7 28.Kxd1 Rf8
29.Rxg7 Rxf5 30.Kc2 Rf2+ 31.Kb3 Rxh2 32.c5 Rh3+ 33.Ka4 Rc3 34.Rh7 Kc8 35.Kb5 Rxa3
36.c6 Nb8 37.Rxh6 Nxc6 38.Rxc6+ Kb7 39.Rh6  1/2-1/2

[Event "chJ-POL b20 plof"]
[Site "Trzebinia POL"]
[Date "2002.04.20"]
[Round "1"]
[White "Wojtaszek,R"]
[Black "Jakubowski,K"]
[Result "1-0"]
[WhiteElo "2429"]
[BlackElo "2464"]

1.d4 Nf6 2.c4 e6 3.Nf3 d5 4.Nc3 Be7 5.cxd5 exd5 6.Qc2 O-O 7.Bg5 c6 8.e3 Nbd7
9.Bd3 Re8 10.h3 h6 11.Bh4 Nf8 12.O-O a5 13.a3 N6d7 14.Bg3 Nb6 15.Rab1 a4
16.Qd1 Bd7 17.Bc2 c5 18.dxc5 Bxc5 19.Nd4 Qg5 20.Kh2 Ng6 21.Qf3 h5 22.Kh1 h4
23.Bh2 Rac8 24.Rfd1 Ne5 25.Qe2 Nec4 26.Bf4 Qf6 27.Qf3 Red8 28.Qh5 g6 29.Qg5 Be7
30.Qxf6 Bxf6 31.Nce2 Kg7 32.Bh2 Rc5 33.Bd3 Rdc8 34.Nf4 Ne5 35.Be2 Nbc4 36.Nd3 Nxd3
37.Bxd3 b5 38.Kg1 Ne5 39.Be2 Be8 40.Kf1 Nc4 41.Ke1 Bd8 42.Bd3 Ba5+ 43.Ke2 b4
44.axb4 Bxb4 45.b3 Na3 46.Ra1 axb3 47.Nxb3 Rc3 48.Be5+ Kh7 49.Bxc3 Rxc3 50.Nd4 Rc8
51.Rdc1 Nc4 52.Rab1 Bd6 53.Rb7 Kh6 54.Nf3 Bc6 55.Rxf7 Nb2 56.Nd4 Be8 57.Rh7+ Kxh7
58.Rxc8 Nxd3 59.Rxe8  1-0

[Event "chJ-POL b20 plof"]
[Site "Trzebinia POL"]
[Date "2002.04.20"]
[Round "2"]
[White "Jakubowski,K"]
[Black "Wojtaszek,R"]
[Result "1/2-1/2"]
[WhiteElo "2464"]
[BlackElo "2429"]

1.Nf3 Nf6 2.g3 c5 3.Bg2 d5 4.O-O g6 5.d4 Bg7 6.dxc5 Na6 7.c4 Nxc5 8.Nc3 dxc4
9.Qxd8+ Kxd8 10.Ne5 Be6 11.Rd1+ Kc8 12.Be3 Nfd7 13.Nxd7 Nxd7 14.Rac1 Nb6
15.b3 Bxc3 16.Rxc3 Rd8 17.Rxd8+ Kxd8 18.Bxb7 Rb8 19.Bf3 cxb3 20.axb3 Rc8
21.Rd3+ Ke8 22.Kg2 Rd8 23.Bc6+ Bd7 24.Bxd7+ Rxd7 25.Rc3 Rb7 26.Rc5 Kd7 27.g4 e6
28.Bd4 Nc8 29.Rc3 Rb5 30.Rf3 Ke8 31.h3 h5 32.Bf6 hxg4 33.hxg4 Nb6 34.Rh3 e5
35.g5 Kd7 36.Rh8 Nd5 37.Rd8+ Ke6 38.Re8+ Kd7 39.Rxe5 Kd6 40.e3 Rxb3 41.Bg7 Nc7
42.Ra5 Rb5 43.Rxa7 Rxg5+ 44.Kf3 Rf5+ 45.Ke4 Ne6 46.Ra6+ Ke7 47.Ra7+ Kd6 48.Ra6+ Ke7
49.Bd4 Nxd4 50.exd4 Rxf2 51.Ra7+ Kf6 52.d5 Rd2 53.Rb7 g5 54.Rb3 Kg6 55.Ke5 Re2+
56.Kd6 Kf5 57.Rf3+ Kg4 58.Rxf7 Kh3 59.Rf3+ Kg2 60.Rd3 g4 61.Kc7 g3 62.d6 Re8
63.d7 Rh8 64.Re3 Rh7  1/2-1/2

[Event "chJ-POL b20"]
[Site "Trzebinia POL"]
[Date "2002.04.20"]
[Round "11"]
[White "Jakubowski,K"]
[Black "Wojtaszek,R"]
[Result "1/2-1/2"]
[WhiteElo "2464"]
[BlackElo "2429"]

1.e4 c5 2.Nf3 d6 3.d4 cxd4 4.Nxd4 Nf6 5.Nc3 Nc6 6.Bg5 e6 7.Qd2 a6 8.O-O-O Nxd4
9.Qxd4 Be7 10.Kb1 b5 11.e5 dxe5 12.Qxe5 Bd7 13.Be2 Rc8 14.Bf3 Qc7 15.Qxc7 Rxc7
16.Bf4 Rc4 17.Be5 Bc6 18.Bxc6+ Rxc6 19.a4 b4 20.Ne2 O-O 21.f3 Nd5  1/2-1/2

[Event "TCh-POL Jun"]
[Site "Laczna POL"]
[Date "2002.07.15"]
[Round "1"]
[White "Wojtaszek,R"]
[Black "Czakon,J"]
[Result "1-0"]
[WhiteElo "2449"]
[BlackElo "2332"]

1.d4 Nf6 2.c4 g6 3.Nc3 Bg7 4.e4 d6 5.f3 O-O 6.Be3 Nbd7 7.Nh3 c5 8.d5 Ne5
9.Nf2 e6 10.Be2 exd5 11.cxd5 h5 12.O-O a6 13.a4 Bd7 14.h3 b5 15.f4 Nc4 16.Bxc4 bxc4
17.e5 Ne8 18.exd6 Qb6 19.Nfe4 Bd4 20.Qd2 f5 21.Ng5 Nxd6 22.a5 Qa7 23.Nf3 Bf6
24.Ne5 Be8 25.Rad1 Rc8 26.Nc6 Bxc6 27.dxc6 Bd4 28.Bxd4 cxd4 29.Qxd4 Qxd4+
30.Rxd4 Rxc6 31.Nd5 Rc5 32.Ne7+ Kf7 33.Rxd6 Kxe7 34.Rxa6 Rb8 35.Ra7+ Kd6
36.Rf2 Rcb5 37.Rc2 Rxb2 38.Rxc4 Ra2 39.Rd4+ Kc5 40.Rdd7 Rbb2 41.Rac7+ Kb4
42.Rb7+ Kxa5 43.Rxb2 Rxb2 44.Rg7 Rb6 45.Kh2 h4 46.Rh7 Kb5 47.Rxh4 Kc5 48.Rh8 Re6
49.Rd8 Re3 50.Rg8 Re6 51.Kg3 Kd6 52.Rg7 Kd5 53.Kh4  1-0

[Event "TCh-POL Jun"]
[Site "Laczna POL"]
[Date "2002.07.16"]
[Round "2"]
[White "Barglowski,F"]
[Black "Wojtaszek,R"]
[Result "1/2-1/2"]
[WhiteElo "2250"]
[BlackElo "2449"]

1.e4 c5 2.Nf3 d6 3.d4 cxd4 4.Nxd4 Nf6 5.Nc3 Nc6 6.Bc4 e6 7.Be3 a6 8.Bb3 Be7
9.f4 O-O 10.Qf3 Nxd4 11.Bxd4 b5 12.O-O-O Bb7 13.Rhe1 b4 14.Na4 Bc6 15.Qg3 Qc7
16.Nb6 Rae8 17.Nc4 Nh5 18.Qg4 g6 19.f5 Bd7 20.Rd3 e5 21.Bb6 Qc6 22.Bf2 Nf6
23.Qh4 Nh5 24.Qg4 Nf6 25.Qh4 Nh5  1/2-1/2

[Event "TCh-POL Jun"]
[Site "Laczna POL"]
[Date "2002.07.16"]
[Round "3"]
[White "Wojtaszek,R"]
[Black "Skrzypnik,M"]
[Result "1/2-1/2"]
[WhiteElo "2449"]
[BlackElo "2283"]

1.d4 e6 2.c4 b6 3.Nf3 Bb7 4.g3 Nf6 5.Bg2 Be7 6.O-O O-O 7.Nc3 Ne4 8.Qc2 Nxc3
9.Qxc3 f5 10.b3 Bf6 11.Bb2 d6 12.Rad1 Qe7 13.Ne1 Bxg2 14.Nxg2 Nc6 15.Qf3 Qd7
16.e3 Rae8 17.Nf4 e5 18.dxe5 Bxe5 19.Bxe5 Nxe5 20.Qd5+ Kh8 21.h4 a5 22.Rd2 Qe7
23.Rd4 Ng6 24.Ne2 Ne5 25.Rfd1 Nd7 26.Kg2 Nc5 27.Qc6 Qd7 28.Qf3 Ne4 29.Nf4 g6
30.Nd5 Kg7 31.Rc1 Qf7 32.a3 Ra8 33.Nc3 Nc5 34.Rb1 Ne6 35.Rdd1 h6 36.Nb5 g5
37.Rh1 Rh8 38.Rbd1 Raf8 39.Rd5 Qg6 40.Nd4 Nxd4 41.Rxd4 g4 42.Qc6 Rf7 43.Rhd1 Qe6
44.Rf4 h5 45.Rd5 Rh6 46.b4 axb4 47.axb4 Rhf6 48.Qa4 Kg6 49.Qc2 Re7 50.Kg1 Qf7
51.Qc3 Ree6 52.Qc2 Re5 53.Rd1 Rfe6 54.Rfd4 Re4 55.Rd5 R6e5 56.Qc3 Qe6 57.Qb3 Kf6
58.Qa2 Qc8 59.R1d3 Rxd5 60.cxd5 Rxb4 61.Rc3 Re4 62.Qc2 Re7 63.Qc1 Qg8 64.e4 fxe4
65.Qf4+ Kg7 66.Qg5+ Kf8 67.Qxh5 Re5 68.Qh6+ Qg7 69.Qxg7+ Kxg7 70.Rxc7+ Kf6
71.Rc6 Rxd5 72.Rxb6 Rd1+ 73.Kg2 Rd2 74.Kf1 Ke5 75.Rb8 d5 76.Rg8 d4  1/2-1/2

[Event "TCh-POL Jun"]
[Site "Laczna POL"]
[Date "2002.07.18"]
[Round "5"]
[White "Wojtaszek,R"]
[Black "Zawadzki,S"]
[Result "1-0"]
[WhiteElo "2449"]
[BlackElo "2416"]

1.d4 d5 2.Nf3 e6 3.c4 c6 4.Qc2 Nd7 5.g3 Ngf6 6.Bg2 Bd6 7.O-O O-O 8.b3 Qe7
9.Nbd2 e5 10.dxe5 Nxe5 11.Bb2 dxc4 12.Nxc4 Nxc4 13.Qxc4 a5 14.Rfd1 Ba3 15.Bd4 Be6
16.Qc2 Bd5 17.Ng5 g6 18.e4 Be6 19.Qd2 Rfd8 20.Qc3 Ne8 21.Nxe6 Qxe6 22.Qe3 Bf8
23.f4 a4 24.Bf1 axb3 25.axb3 Rxa1 26.Rxa1 Nf6 27.e5 Ng4 28.Qc3 Qd5 29.Bb6 Re8
30.Be2 Nh6 31.Rd1 Qe6 32.Bc4 Qg4 33.Qd3 Nf5 34.Qe2 Qxe2 35.Bxe2 Bb4 36.Bc4 Ng7
37.Rd7 Re7 38.Rd4 Ba3 39.Rd8+ Re8 40.Rxe8+ Nxe8 41.Kg2 Ng7 42.g4 h5 43.h3 hxg4
44.hxg4 Bb2 45.Kf3 Ne6 46.f5 Ng5+ 47.Kf4 Bc1+ 48.Kg3 Ne4+ 49.Kg2 gxf5 50.e6 fxe6
51.Bxe6+ Kg7 52.Bxf5 Nd6 53.Bd3 Bb2 54.Kf3 Be5 55.g5 Bh2 56.Bd4+ Kg8 57.Kg4 b5
58.g6 Ne8 59.Be4 c5 60.Bd5+ Kf8  1-0

[Event "TCh-POL Jun"]
[Site "Laczna POL"]
[Date "2002.07.18"]
[Round "6"]
[White "Wojtaszek,R"]
[Black "Marszalek,M"]
[Result "1-0"]
[WhiteElo "2449"]
[BlackElo "2250"]

1.Nf3 Nf6 2.c4 g6 3.Nc3 Bg7 4.d4 d6 5.g3 O-O 6.Bg2 c6 7.O-O Qa5 8.h3 e5 9.e4 Be6
10.d5 cxd5 11.cxd5 Bd7 12.Be3 Na6 13.a3 Rfc8 14.Nd2 Qd8 15.Kh2 b5 16.Qe2 Nc5
17.Rfc1 a6 18.b4 Na4 19.Nxa4 bxa4 20.Nc4 Bb5 21.Qa2 Rab8 22.Na5 Rxc1 23.Rxc1 Qd7
24.Qc2 Ne8 25.Nc6 Ra8 26.h4 Kh8 27.Bh3 Qb7 28.f3 Bf6 29.Na5 Qe7 30.Qd2 Bg7
31.Rc2 Qf8 32.h5 h6 33.Kg2 f5 34.hxg6 fxe4 35.f4 Nf6 36.Rc7 Be8 37.fxe5 Nxd5
38.Bxh6 e3 39.Bxg7+ Qxg7 40.Rxg7 exd2 41.Rh7+ Kg8 42.Be6+ Bf7 43.Bxf7+ Kf8
44.Bxd5  1-0

[Event "TCh-POL Jun"]
[Site "Laczna POL"]
[Date "2002.07.20"]
[Round "7"]
[White "Szromba,K"]
[Black "Wojtaszek,R"]
[Result "0-1"]
[WhiteElo "2118"]
[BlackElo "2449"]

1.d4 Nf6 2.c4 c5 3.d5 e6 4.Nc3 exd5 5.cxd5 d6 6.e4 g6 7.h3 Bg7 8.Nf3 a6 9.a4 Nbd7
10.Bd3 Nh5 11.Bg5 Bf6 12.Bh6 Ne5 13.Nxe5 Bxe5 14.Qd2 Ng7 15.O-O O-O 16.Ne2 f5
17.exf5 gxf5 18.Bg5 Bf6 19.Bxf6 Qxf6 20.Nf4 Qd4 21.b3 Bd7 22.Ne2 Qf6 23.f4 Kh8
24.b4 b5 25.Rfc1 c4 26.Bc2 Nh5 27.Ra3 Rg8 28.Nd4 Rae8 29.Kh2 Rg7 30.Rg1 Reg8
31.g3 Qf7 32.Ne2 Nf6 33.axb5 axb5 34.Ra7 Qh5 35.Nd4 Ne4 36.Bxe4 fxe4 37.Rxd7 Rxd7
38.Ne6 h6 39.Qd4+ Kh7 40.Qxe4+ Qg6 41.f5 Qf6 42.Nf4 Re7 43.Nh5 Qb2+ 44.Rg2 Rxe4  0-1

[Event "TCh-POL Jun"]
[Site "Laczna POL"]
[Date "2002.07.22"]
[Round "10"]
[White "Wojtaszek,R"]
[Black "Kunicki,M"]
[Result "1-0"]
[WhiteElo "2449"]
[BlackElo "2147"]

1.d4 Nf6 2.c4 e6 3.g3 Bb4+ 4.Bd2 Qe7 5.Bg2 O-O 6.Nf3 Bxd2+ 7.Nbxd2 d6 8.Nf1 Nbd7
9.Ne3 d5 10.O-O dxc4 11.Nxc4 Nb6 12.Rc1 Rd8 13.Nce5 Ne8 14.Qc2 f6 15.Nd3 Nd5
16.a3 c6 17.Rfd1 Nd6 18.Nc5 b6 19.Nd3 Bb7 20.Re1 Nb5 21.a4 Nbc7 22.Qb3 Qd7
23.h4 Ne7 24.Red1 Rab8 25.Qc2 Nf5 26.e3 Qd6 27.b4 Nd5 28.Qd2 Ba6 29.Nfe1 Nfxe3
30.fxe3 Qxg3 31.Qf2 Qxe3 32.Rxc6 Qxf2+ 33.Kxf2 Kf7 34.Bxd5 Rxd5 35.Rc7+ Kf8
36.Nf4 Rd6 37.Rxa7 Bb7 38.Rc1 e5 39.dxe5 fxe5 40.Rc7 exf4 41.Raxb7 Rxb7 42.Rxb7 Rd2+
43.Kf3 Ra2 44.Kxf4 Rxa4 45.Rxb6 Ra1 46.Nf3 h6 47.Rb7  1-0

[Event "ch-POLJ u20"]
[Site "Jarnoltowek POL"]
[Date "2003.04.07"]
[Round "1"]
[White "Wojtaszek,R"]
[Black "Heberla,B"]
[Result "1/2-1/2"]
[WhiteElo "2472"]
[BlackElo "2390"]

1.d4 g6 2.c4 Bg7 3.Nf3 d6 4.g3 e5 5.dxe5 dxe5 6.Qxd8+ Kxd8 7.Nc3 Be6 8.Ng5 Bxc4
9.b3 Be6 10.Nxe6+ fxe6 11.Bh3 Nc6 12.Ba3 Nd4 13.O-O-O Kc8 14.e3 Nf5 15.Ne4 Nf6
16.Nxf6 Bxf6 17.g4 Ng7 18.Rd2 a5 19.Rhd1 Ra6 20.Rd7 Rd8 21.Rxd8+ Bxd8 22.Bb2 Ne8
23.Bxe5 Bf6 24.Bxf6 Nxf6 25.Rd4 g5 26.Bg2 Rd6 27.Rc4 b6 28.h4 h6 29.hxg5 hxg5
30.Bh3 Rd8 31.f4 Rh8 32.fxg5 Nd5 33.g6 Rg8 34.g5 Rxg6 35.Rh4 Rxg5 36.Bxe6+ Kb7
37.e4 Nb4 38.a3 Nd3+ 39.Kd2 Nc5 40.Bd5+ Kc8 41.b4 axb4 42.axb4 Na6 43.Kc3 c5
44.Rh8+ Kc7 45.Rh7+ Kd6 46.Rh6+ Ke7 47.bxc5 Nxc5 48.Kd4 Nd7 49.Bc4 Nf6 50.Rh8 Rg4
51.Bd3 Rg8 52.Rh3 Rd8+ 53.Ke5 Nd7+ 54.Kf4 Rf8+ 55.Ke3 Ne5  1/2-1/2

[Event "ch-POLJ u20"]
[Site "Jarnoltowek POL"]
[Date "2003.04.08"]
[Round "2"]
[White "Wojtaszek,R"]
[Black "Paterek,M"]
[Result "1-0"]
[WhiteElo "2472"]
[BlackElo "2277"]

1.Nf3 Nf6 2.c4 c6 3.e3 d5 4.Qc2 e6 5.b3 Nbd7 6.Bb2 Bd6 7.Nc3 O-O 8.Be2 Re8
9.Rg1 e5 10.g4 Nc5 11.g5 Nfe4 12.d3 Nxc3 13.Qxc3 b5 14.Qc2 bxc4 15.dxc4 Ne4
16.Bd3 Qa5+ 17.Ke2 f5 18.gxf6 Nxf6 19.Bxh7+ Nxh7 20.Qg6 Re7 21.Qxd6 Re6 22.Qa3 Qc7
23.Ng5 Re7 24.Nxh7 Kxh7 25.Rg5 Bb7 26.Rag1 d4 27.Qc5 Rf8 28.R1g3 Rf6 29.f3 Rh6
30.h3 Bc8 31.Kf2 Bxh3 32.exd4 exd4 33.Qxd4 c5 34.Rxg7+  1-0

[Event "ch-POLJ u20"]
[Site "Jarnoltowek POL"]
[Date "2003.04.09"]
[Round "4"]
[White "Wojtaszek,R"]
[Black "Gajewski,G"]
[Result "1-0"]
[WhiteElo "2472"]
[BlackElo "2445"]

1.d4 d5 2.c4 c6 3.Nf3 Nf6 4.Nc3 dxc4 5.a4 Bf5 6.Ne5 Nbd7 7.Nxc4 Nd5 8.f3 e5
9.e4 Nxc3 10.bxc3 Be6 11.Rb1 Qc7 12.Be2 Rd8 13.O-O Be7 14.Qc2 O-O 15.Be3 b6
16.Rfd1 Bxc4 17.Bxc4 Nf6 18.g3 Bd6 19.Kg2 Rfe8 20.Rd2 exd4 21.cxd4 Nd5 22.Bf2 Nb4
23.Qc3 a5 24.Rc1 Qb7 25.Bb3 Rc8 26.Re2 Bf8 27.Qd2 Qa6 28.Re3 Qb7 29.Rec3 Rcd8
30.Qf4 Rd7 31.h4 c5 32.d5 Bd6 33.Qd2 Rde7 34.Bc4 Qc7 35.Re1 f6 36.Rce3 Kh8
37.f4 Qb7 38.Kg1 Qb8 39.R3e2 Bc7 40.Qc3 h6 41.Bb5 Rd8 42.Bc4 Rde8 43.Qf3 Qc8
44.Rd1 Bd6 45.Be1 Rf8 46.Bc3 Kh7 47.Rde1 Kh8 48.Kg2 Kh7 49.Qf1 Qg4 50.Qf3 Qd7
51.Ra1 Qc8 52.h5 Qd7 53.Bb5 Qc8 54.Rae1 Kh8 55.e5 fxe5 56.Bxe5 Bxe5 57.Rxe5 Rxe5
58.Rxe5 Qc7 59.Qe4 Qd6 60.Bc4 Qf6 61.Re8 Qf7 62.Re6 Qxh5 63.d6 Qd1 64.Bb5 Nd5
65.Re8 Nxf4+ 66.gxf4 Qd2+ 67.Be2 Qxd6 68.Bd3 Kg8 69.Re7 Rf7 70.Qa8+ Rf8 71.Bc4+ Kh7
72.Qxf8 Qg6+ 73.Kf2  1-0

[Event "ch-POLJ u20"]
[Site "Jarnoltowek POL"]
[Date "2003.04.10"]
[Round "5"]
[White "Mista,A"]
[Black "Wojtaszek,R"]
[Result "0-1"]
[WhiteElo "2430"]
[BlackElo "2472"]

1.e4 c6 2.d4 d5 3.Nc3 dxe4 4.Nxe4 Nd7 5.Ng5 Ngf6 6.Bd3 e6 7.N1f3 Bd6 8.Qe2 h6
9.Ne4 Nxe4 10.Qxe4 Nf6 11.Qe2 Qc7 12.Bd2 b6 13.O-O-O Bb7 14.Rhe1 O-O 15.g4 c5
16.g5 hxg5 17.Nxg5 Bf4 18.dxc5 bxc5 19.Rg1 Rfd8 20.Nh3 Bxh2 21.Rg5 c4 22.Bxc4 Ne4
23.Rxg7+ Kxg7 24.Qg4+ Kf8 25.Bh6+ Ke7 26.Bg5+ Ke8 27.Bb5+ Kf8 28.Bh6+ Ke7
29.Qh4+ Nf6 30.Bd2 Rac8 31.Bb4+ Bd6 32.Bd3 Bxb4 33.Qxb4+ Qd6 34.Ng5  0-1

[Event "ch-POLJ u20"]
[Site "Jarnoltowek POL"]
[Date "2003.04.11"]
[Round "6"]
[White "Wojtaszek,R"]
[Black "Czakon,J"]
[Result "1/2-1/2"]
[WhiteElo "2472"]
[BlackElo "2391"]

1.d4 Nf6 2.Nf3 g6 3.c4 Bg7 4.g3 O-O 5.Bg2 d6 6.Nc3 Nbd7 7.O-O e5 8.e4 a6
9.Re1 exd4 10.Nxd4 Ng4 11.Nc2 Nge5 12.Ne3 Nb6 13.Bf1 Be6 14.Ncd5 c6 15.Nxb6  1/2-1/2

[Event "ch-POLJ u20"]
[Site "Jarnoltowek POL"]
[Date "2003.04.13"]
[Round "9"]
[White "Zawadzki,S"]
[Black "Wojtaszek,R"]
[Result "1-0"]
[WhiteElo "2403"]
[BlackElo "2472"]

1.e4 c6 2.d4 d5 3.e5 Bf5 4.Be3 e6 5.Nd2 Nd7 6.c3 Qc7 7.f4 Ne7 8.Be2 O-O-O
9.Ngf3 h6 10.O-O f6 11.b4 Be4 12.Bf2 f5 13.a4 g5 14.fxg5 Ng6 15.b5 c5 16.a5 Nf4
17.Be3 Nxe2+ 18.Qxe2 Be7 19.gxh6 Rdg8 20.b6 axb6 21.a6 bxa6 22.Rxa6 Nb8 23.Ra8 Kd7
24.Rfa1 Nc6 25.Rxg8 Rxg8 26.Qb5 cxd4 27.cxd4 f4 28.Bxf4 Bf5 29.h4 Rc8 30.Nf1 Kd8
31.Ng3 Bg6 32.Rc1  1-0

[Event "ch-POLJ u20"]
[Site "Jarnoltowek POL"]
[Date "2003.04.14"]
[Round "10"]
[White "Wojtaszek,R"]
[Black "Banasik,K"]
[Result "1/2-1/2"]
[WhiteElo "2472"]
[BlackElo "2128"]

1.d4 g6 2.c4 Bg7 3.Nf3 d6 4.g3 Nd7 5.Bg2 e6 6.O-O Ne7 7.Nc3 O-O 8.e4 Rb8
9.Be3 a6 10.Qd2 Re8 11.d5 b5 12.dxe6 fxe6 13.cxb5 axb5 14.Rac1 Nf6 15.e5 dxe5
16.Qxd8 Rxd8 17.Nxe5 b4 18.Na4 Nfd5 19.Bxd5 Bxe5 20.Bb3 Nd5 21.Bg5 Rf8 22.Rfd1 Rf5
23.h4 Kg7 24.Rc2 Bd6 25.Re1 Rb5 26.Rec1 Rf7 27.Nc5 h6 28.Bd2 Kh7 29.Nd3 Bb7
30.Re1 Re7 31.Bc1 e5 32.Rce2 Nf6 33.Bf4 e4 34.Bc4 Rb6 35.f3 Bxf4 36.Nxf4 g5
37.hxg5 hxg5 38.Nh3 Kg6 39.fxe4 Ba6 40.Bxa6 Rxa6 41.e5 Nd7 42.e6 Nf8 43.Re5 Nh7
44.Rb5 Rxa2 45.Rxb4 Ra6 46.Rbe4 Kf6 47.Rf1+ Kg6 48.Rc1 Raxe6 49.Rxe6+ Rxe6
50.Rxc7 Rb6 51.Rc2 Rb3 52.Kg2 Nf6 53.Nf2 Kf5 54.Nd1 Nd5 55.Rc5 Ke6 56.Kh3 Kd6
57.Rc2 Nf6 58.Nc3 Ke6 59.Kg2 Kf5 60.Kf3 Ng4 61.Ke2 Ne5 62.Kf1 Ng4 63.Re2 Ne5
64.Rc2 Ng4 65.Kg1 Ne5 66.Kg2 Ng4 67.Re2 Ne5 68.Nd1 Ng4 69.Rd2  1/2-1/2

[Event "TCh-Europe u18"]
[Site "Balatonlelle HUN"]
[Date "2003.07.21"]
[Round "3"]
[White "Wojtaszek,R"]
[Black "Antal,Ge"]
[Result "0-1"]
[WhiteElo "2462"]
[BlackElo "2475"]

1.d4 Nf6 2.c4 g6 3.Nf3 Bg7 4.g3 d5 5.cxd5 Nxd5 6.Bg2 Nb6 7.Nc3 Nc6 8.e3 O-O
9.O-O Re8 10.d5 Na5 11.Nd4 Bd7 12.e4 c6 13.Bf4 Bc8 14.Nde2 cxd5 15.exd5 e5
16.Bc1 Nac4 17.b3 Nd6 18.a4 Bg4 19.a5 e4 20.axb6 Bxc3 21.Rxa7 Qxb6 22.Be3 Qb4
23.Rxa8 Rxa8 24.Bf4 Nb5 25.h3 Bxe2 26.Qxe2 f5 27.Kh2 Qxb3 28.d6 Bf6 29.Rc1 Rd8
30.Qd2 Qe6 31.Qb4 Nxd6 32.Bxd6 Qxd6 33.Qxb7 Rd7 34.Qc8+ Kg7 35.Rc6 Qe7 36.Rc2 Be5
37.Bf1 h5 38.Bb5 Ra7 39.Rd2 e3 40.Rd8 exf2 41.Re8 Qd6  0-1

[Event "TCh-Europe u18"]
[Site "Balatonlelle HUN"]
[Date "2003.07.24"]
[Round "5"]
[White "Popovics,A"]
[Black "Wojtaszek,R"]
[Result "0-1"]
[WhiteElo "2421"]
[BlackElo "2462"]

1.d4 e6 2.c4 b6 3.e4 Bb7 4.Bd3 f5 5.exf5 Bb4+ 6.Kf1 Nf6 7.c5 bxc5 8.a3 c4
9.Bxc4 Ba5 10.Nf3 Nc6 11.Nbd2 O-O 12.b4 Bb6 13.Bb2 d5 14.Bd3 exf5 15.b5 Ne7
16.a4 a5 17.Ne5 Ne4 18.Ndf3 c5 19.bxc6 Nxc6 20.Nxc6 Bxc6 21.Kg1 Be8 22.Ne5 Rb8
23.Qe2 Ba7 24.Nf3 Bh5 25.Bb5 Ng5 26.Qd3 Nxf3+ 27.gxf3 Qh4 28.Kg2 Rb6 29.Rag1 Rg6+
30.Kf1 Qh3+ 31.Ke2 Bxf3+ 32.Qxf3 Re6+ 33.Qe3 Rxe3+ 34.fxe3 f4  0-1

[Event "TCh-Europe u18"]
[Site "Balatonlelle HUN"]
[Date "2003.07.25"]
[Round "6"]
[White "Wojtaszek,R"]
[Black "Laznicka,V"]
[Result "1-0"]
[WhiteElo "2462"]
[BlackElo "2446"]

1.d4 Nf6 2.c4 e6 3.g3 Nc6 4.Nf3 Bb4+ 5.Bd2 Qe7 6.Bg2 Bxd2+ 7.Nbxd2 d6 8.Nf1 O-O
9.Ne3 Qd8 10.O-O Ne7 11.b4 Bd7 12.Ne1 Qc8 13.Qb3 e5 14.dxe5 dxe5 15.Nd3 Ng6
16.Nc5 Rb8 17.Nxd7 Qxd7 18.Rfd1 Qe7 19.c5 b6 20.Rac1 bxc5 21.Rxc5 Qxc5 22.bxc5 Rxb3
23.axb3 Rb8 24.Ra1 Rxb3 25.Rxa7 Rb1+ 26.Nf1 Kf8 27.Rxc7 Ne7 28.Ra7 Rb5 29.Ra8+ Ne8
30.Bh3 f5 31.Ne3 g6 32.Nc4 Rb1+ 33.Kg2 Nc6 34.e4 Ke7 35.exf5 Rc1 36.fxg6 hxg6
37.Ra6 Nb8 38.Re6+  1-0

[Event "TCh-Europe u18"]
[Site "Balatonlelle HUN"]
[Date "2003.07.26"]
[Round "7"]
[White "Martinovic,Sa"]
[Black "Wojtaszek,R"]
[Result "0-1"]
[WhiteElo "2080"]
[BlackElo "2462"]

1.d4 Nf6 2.c4 c5 3.d5 e6 4.Nc3 exd5 5.cxd5 d6 6.e4 g6 7.Bd3 Bg7 8.Nge2 O-O
9.O-O Na6 10.Bg5 h6 11.Bh4 g5 12.Bg3 Nh5 13.Qd2 Nc7 14.a4 b6 15.Nb5 Ne8 16.Rab1 a6
17.Na3 Nef6 18.b4 Re8 19.f3 Nxg3 20.Nxg3 Ra7 21.bxc5 bxc5 22.Nc4 Bf8 23.Rb2 Nd7
24.Nf5 Ne5 25.Nxe5 Rxe5 26.Ne3 Ree7 27.Nc4 Reb7 28.Rfb1 Rxb2 29.Rxb2 Qf6
30.Be2 a5 31.Nb6 Rc7 32.Rb1 Bg7 33.Qxa5 Qd4+ 34.Kh1 Kh7 35.Nxc8 Rxc8 36.Qa6 Rc7
37.Qd3 Qxd3 38.Bxd3 c4 39.Bc2 Be5 40.Kg1 Kg7 41.Kf2 Kf6 42.g3 Bd4+ 43.Ke2 Ke5
44.Rf1 Bc5 45.Rd1 Rb7 46.Rb1 Ra7 47.Rd1 Ra8 48.Kd2 Kd4 49.Rb1 h5 50.Rb7 h4
51.g4 f6 52.Rb1 h3 53.Rb7 Rh8 54.Rb1 Ra8 55.Rb7 Ra6 56.Rb1 Rb6 57.Rf1 Bb4+
58.Ke2 Kc3 59.Kd1 Rb8 60.f4 Bc5 61.Rf3+ Kb2 62.fxg5 fxg5 63.Kd2 Bd4 64.Rf1 Bc3+
65.Kd1 Be5 66.Rf2 Bd4 67.Rf1 Rh8 68.Rf5 Bg1 69.e5 Bxh2 70.e6 Bf4 71.e7 h2
72.Be4 c3 73.Rf8  0-1

[Event "Polish Extraleague"]
[Site "Lubniewice POL"]
[Date "2003.09.01"]
[Round "3"]
[White "Stempin,P"]
[Black "Wojtaszek,R"]
[Result "0-1"]
[WhiteElo "2401"]
[BlackElo "2462"]

1.d4 Nf6 2.Nf3 c5 3.d5 e6 4.c4 exd5 5.cxd5 d6 6.Nc3 g6 7.g3 Bg7 8.Bg2 O-O
9.O-O Re8 10.Nd2 b6 11.a4 Ba6 12.Re1 Nbd7 13.Rb1 Qe7 14.Nb5 Ne5 15.Qb3 Rac8
16.Nc4 Nxc4 17.Qxc4 Nd7 18.Bd2 Ne5 19.Qb3 Qd7 20.Na3 Ng4 21.h3 Nf6 22.e4 Re7
23.Qc2 Qc7 24.b3 Nd7 25.Nc4 Bd4 26.Rf1 Rce8 27.Kh2 Ne5 28.f4 Nxc4 29.bxc4 Bc8
30.g4 f5 31.exf5 gxf5 32.g5 Re2 33.Rbe1 Qf7 34.Rxe2 Rxe2 35.Qd3 Qe8 36.a5 Qe4
37.Qxe4 fxe4 38.Rd1 e3 39.Be1 Bf5 40.axb6 axb6 41.Kg3 Bc2 42.Rc1 Bb2 43.Bf3 Bxc1
44.Bxe2 Bd2 45.Kf3 Bxe1 46.Kxe3 Bf5 47.Bf1 Kf7 48.Ke2 Bh4 49.Ke3 Kg6 50.Bg2 h6
51.gxh6 Kxh6 52.Bf1 Bf6 53.Kf3 Bc3 54.Kg3 Be1+ 55.Kf3 Kh5 56.Ke2 Bc3  0-1

[Event "Polish Extraleague"]
[Site "Lubniewice POL"]
[Date "2003.09.02"]
[Round "4"]
[White "Bobras,P"]
[Black "Wojtaszek,R"]
[Result "0-1"]
[WhiteElo "2462"]
[BlackElo "2462"]

1.e4 c6 2.d4 d5 3.Nc3 dxe4 4.Nxe4 Nd7 5.Bc4 Ngf6 6.Ng5 e6 7.Qe2 Nb6 8.Bd3 h6
9.N5f3 c5 10.Be3 Qc7 11.Ne5 Bd6 12.Ngf3 Nbd5 13.O-O O-O 14.c3 cxd4 15.cxd4 Nb4
16.Rac1 Qb8 17.Bb1 Nbd5 18.Qd3 Re8 19.Rfe1 b6 20.a3 Ne7 21.h3 Nf5 22.Bd2 Bb7
23.g4 Bxf3 24.Qxf3 Nxd4  0-1

[Event "Polish Extraleague"]
[Site "Lubniewice POL"]
[Date "2003.09.03"]
[Round "5"]
[White "Wojtaszek,R"]
[Black "Antoniewski,R"]
[Result "1/2-1/2"]
[WhiteElo "2462"]
[BlackElo "2499"]

1.d4 Nf6 2.c4 g6 3.Nf3 Bg7 4.g3 O-O 5.Bg2 d6 6.Nc3 Nc6 7.O-O a6 8.b3 Rb8
9.Nd5 Nh5 10.Bb2 e6 11.Ne3 f5 12.Qd2 Ne7 13.Rac1 b5 14.Ne1 Nf6 15.Nd3 g5
16.Qa5 bxc4 17.Rxc4 Ne8 18.Rb4 Rxb4 19.Nxb4 Qd7 20.Nc4 Qb5 21.Ba1 f4 22.Qxb5 axb5
23.Na5 Bd7 24.Rc1 g4 25.gxf4 Rxf4 26.Na6 Nd5 27.e3 Rf7 28.Bxd5 exd5 29.Nxc7 Nxc7
30.Rxc7 Bf5 31.Rxf7 Kxf7 32.Bc3 Bb1 33.a3 Bc2 34.Bb4 Ke6 35.Kg2 Bf6 36.Kg3  1/2-1/2

[Event "Polish Extraleague"]
[Site "Lubniewice POL"]
[Date "2003.09.04"]
[Round "6"]
[White "Krasenkow,M"]
[Black "Wojtaszek,R"]
[Result "1-0"]
[WhiteElo "2585"]
[BlackElo "2462"]

1.Nf3 Nf6 2.d4 c5 3.d5 e6 4.c4 exd5 5.cxd5 d6 6.Nc3 g6 7.h3 Bg7 8.e4 O-O
9.Bd3 b5 10.Bxb5 Nxe4 11.Nxe4 Qa5+ 12.Nfd2 Qxb5 13.Nxd6 Qa6 14.N2c4 Nd7 15.O-O Nb6
16.Nxb6 Qxb6 17.Nxc8 Raxc8 18.Re1 Bd4 19.Qf3 Rfd8 20.Bg5 f6 21.Bh6 Qb7 22.Re6 Rd7
23.Qe4 Be5 24.Rd1 Rcd8 25.f4 Rxd5 26.Rxd5 Rxd5 27.Kh2 Kf7 28.Ra6 f5 29.Rxa7  1-0

[Event "Polish Extraleague"]
[Site "Lubniewice POL"]
[Date "2003.09.05"]
[Round "7"]
[White "Wojtaszek,R"]
[Black "Miton,K"]
[Result "1/2-1/2"]
[WhiteElo "2462"]
[BlackElo "2546"]

1.e4 c6 2.d4 d5 3.Nd2 dxe4 4.Nxe4 Nd7 5.Ng5 Ngf6 6.Bd3 e6 7.N1f3 Bd6 8.Qe2 h6
9.Ne4 Nxe4 10.Qxe4 Qc7 11.O-O c5 12.b3 Nf6 13.Qh4 cxd4 14.Nxd4 Bd7 15.Nb5 Bxb5
16.Bxb5+ Ke7 17.Bc4 Rhd8 18.Bb2 Be5 19.Ba3+ Bd6 20.Bb2 Be5 21.Ba3+ Bd6  1/2-1/2

[Event "Polish Extraleague"]
[Site "Lubniewice POL"]
[Date "2003.09.06"]
[Round "8"]
[White "Jasik,K"]
[Black "Wojtaszek,R"]
[Result "1/2-1/2"]
[WhiteElo "2343"]
[BlackElo "2462"]

1.e4 c5 2.Nf3 d6 3.d3 Nc6 4.g3 Nf6 5.Bg2 Bg4 6.Nbd2 e6 7.h3 Bh5 8.O-O Be7
9.Re1 h6 10.g4 Bg6 11.Nc4 O-O 12.e5 Nd5 13.exd6 Bxd6 14.Nxd6 Qxd6 15.Qe2 Rad8
16.a3 Bh7 17.Bd2 Nf4 18.Bxf4 Qxf4 19.Ne5 Nd4 20.Qd1 b6 21.c3 f6 22.Nc4 Nb5
23.Re3 Nd6 24.Qe2 Bxd3 25.Rxd3 Qxc4 26.Re1 Kh8 27.Bf1 e5 28.Qd1 Qe6 29.Qa4 f5
30.Qxa7 fxg4 31.Qxb6 c4 32.Rd2 gxh3 33.Re3 Qg4+ 34.Rg3 Qf4 35.Qc7 Qf6 36.Qc6 Qf3
37.Qc7 Qf6  1/2-1/2